000 00410nam a2200169Ia 4500
008 230524s9999 xx 000 0 und d
020 _a9788189866389
082 _a629.892
_bKUT
100 _aAppu Kuttan K.K.
_942932
245 0 _aRobotics
250 _a1
260 _aNew Delhi
_bI.K.International
_c2015
300 _a"V,319p;"
500 _aQuantity Number: 1
650 _aElectronics
942 _cBK
999 _c57896
_d57896